000 00547nam a22001817a 4500
005 20240806113423.0
008 240806b |||||||| |||| 00| 0 eng d
020 _a978-969-8486-09-9
082 _a338.0954
_bSHA-F
100 _aShakil, Faruqi
245 _aFinancial Systen and Economic Development-Pakistan
_cShakil Faruqi
260 _aLahore;
_bLahore School of Economics;
_c2011
300 _a492 p.:
_bill;
_c25 cm.
490 _vvol.1
500 _aIncludes References & Glossary
650 _aSocial Sciences/ Economics
999 _c36306
_d36306